<?xml version="1.0" encoding="UTF-8"?>
<record
    xmlns:xsi="http://www.w3.org/2001/XMLSchema-instance"
    xsi:schemaLocation="http://www.loc.gov/MARC21/slim http://www.loc.gov/standards/marcxml/schema/MARC21slim.xsd"
    xmlns="http://www.loc.gov/MARC21/slim">

  <leader>00762cam a22002532i 4500</leader>
  <controlfield tag="001">CIP114015724</controlfield>
  <controlfield tag="003">YEEZEN</controlfield>
  <controlfield tag="005">20260413134854.0</controlfield>
  <controlfield tag="008">251028s2025    ch     e      000 0 chi d</controlfield>
  <datafield tag="020" ind1=" " ind2=" ">
    <subfield code="a">9786264176729</subfield>
    <subfield code="q">(&#x5E73;&#x88DD;) :</subfield>
    <subfield code="c">NT$450</subfield>
  </datafield>
  <datafield tag="040" ind1=" " ind2=" ">
    <subfield code="a">CIP</subfield>
    <subfield code="b">chi</subfield>
    <subfield code="c">CIP</subfield>
  </datafield>
  <datafield tag="042" ind1=" " ind2=" ">
    <subfield code="a">nbic</subfield>
  </datafield>
  <datafield tag="084" ind1=" " ind2=" ">
    <subfield code="a">783.3886</subfield>
    <subfield code="2">ncsclt</subfield>
  </datafield>
  <datafield tag="090" ind1=" " ind2=" ">
    <subfield code="a">783.3886</subfield>
  </datafield>
  <datafield tag="245" ind1="1" ind2="0">
    <subfield code="a">&#x5E2B;&#x5FC3;&#x6211;&#x5FC3;:</subfield>
    <subfield code="b"> &#x548C;&#x4FE1;&#x6CBB;&#x764C;&#x4E2D;&#x5FC3;&#x91AB;&#x9662;&#x5275;&#x8FA6;&#x4EBA;&#x9EC3;&#x9054;&#x592B;&#x91AB;&#x5E2B;&#x7684;&#x91AB;&#x8005;&#x4E4B;&#x5FC3;,&#x50B3;&#x627F;&#x8207;&#x5275;&#x65B0; /</subfield>
    <subfield code="c">&#x9EC3;&#x9054;&#x592B;&#x4F5C;; &#x5085;&#x58EB;&#x73B2;&#x63A1;&#x8A2A;&#x6574;&#x7406;</subfield>
  </datafield>
  <datafield tag="250" ind1=" " ind2=" ">
    <subfield code="a">&#x7B2C;&#x4E00;&#x7248;</subfield>
  </datafield>
  <datafield tag="260" ind1=" " ind2=" ">
    <subfield code="a">&#x81FA;&#x5317;&#x5E02; :</subfield>
    <subfield code="b">&#x9060;&#x898B;&#x5929;&#x4E0B;&#x6587;&#x5316;, </subfield>
    <subfield code="c">2025.12.</subfield>
  </datafield>
  <datafield tag="300" ind1=" " ind2=" ">
    <subfield code="a">&#x9762; ;</subfield>
    <subfield code="c">&#x516C;&#x5206;</subfield>
  </datafield>
  <datafield tag="600" ind1=" " ind2="7">
    <subfield code="2">lcstt</subfield>
    <subfield code="a">&#x9EC3;</subfield>
    <subfield code="b">&#x9054;&#x592B;</subfield>
  </datafield>
  <datafield tag="650" ind1=" " ind2="7">
    <subfield code="2">lcstt</subfield>
    <subfield code="a">&#x91AB;&#x5E2B;</subfield>
  </datafield>
  <datafield tag="650" ind1=" " ind2="7">
    <subfield code="2">lcstt</subfield>
    <subfield code="a">&#x91AB;&#x7642;&#x670D;&#x52D9;</subfield>
  </datafield>
  <datafield tag="650" ind1=" " ind2="7">
    <subfield code="2">lcstt</subfield>
    <subfield code="a">&#x50B3;&#x8A18;</subfield>
  </datafield>
  <datafield tag="942" ind1=" " ind2=" ">
    <subfield code="2">ccl</subfield>
    <subfield code="c">BOOK</subfield>
  </datafield>
  <datafield tag="999" ind1=" " ind2=" ">
    <subfield code="c">7709</subfield>
    <subfield code="d">7709</subfield>
  </datafield>
  <datafield tag="952" ind1=" " ind2=" ">
    <subfield code="0">0</subfield>
    <subfield code="1">0</subfield>
    <subfield code="2">ccl</subfield>
    <subfield code="4">0</subfield>
    <subfield code="7">0</subfield>
    <subfield code="a">yeezen</subfield>
    <subfield code="b">yeezen</subfield>
    <subfield code="c">YEEZEN</subfield>
    <subfield code="d">2026-04-13</subfield>
    <subfield code="l">0</subfield>
    <subfield code="o">783.3886</subfield>
    <subfield code="p">C03292</subfield>
    <subfield code="r">2026-04-13 00:00:00</subfield>
    <subfield code="w">2026-04-13</subfield>
    <subfield code="y">BOOK</subfield>
    <subfield code="z">**&#x548C;&#x4FE1;&#x6CBB;&#x764C;&#x4E2D;&#x5FC3;&#x91AB;&#x9662;&#x5275;&#x8FA6;&#x4EBA;&#x9EC3;&#x9054;&#x592B;&#x91AB;&#x5E2B; &#x9078;&#x64C7;&#x8D70;&#x4E00;&#x689D;&#x4EBA;&#x7159;&#x7A00;&#x5C11;&#x7684;&#x8DEF; &#x5E78;&#x5F97;&#x5341;&#x516D;&#x4F4D;&#x4EBA;&#x751F;&#x5C0E;&#x5E2B;&#x7684;&#x8DB3;&#x8DE1;&#x8207;&#x80CC;&#x5F71;&#x76F8;&#x4F34; &#x5178;&#x7BC4;&#x5982;&#x661F;&#x8FB0;&#x7167;&#x4EAE;&#x524D;&#x8DEF; &#x62AC;&#x982D;&#x6C38;&#x9060;&#x80FD;&#x770B;&#x898B;&#x5149;&#x660E;&#x5C31;&#x5728;&#x4E0D;&#x9060;&#x8655;</subfield>
  </datafield>
  <datafield tag="952" ind1=" " ind2=" ">
    <subfield code="0">0</subfield>
    <subfield code="1">0</subfield>
    <subfield code="2">ccl</subfield>
    <subfield code="4">0</subfield>
    <subfield code="7">0</subfield>
    <subfield code="a">yeezen</subfield>
    <subfield code="b">yeezen</subfield>
    <subfield code="c">YEEZEN</subfield>
    <subfield code="d">2026-04-13</subfield>
    <subfield code="l">0</subfield>
    <subfield code="o">783.3886</subfield>
    <subfield code="p">C03293</subfield>
    <subfield code="r">2026-04-13 00:00:00</subfield>
    <subfield code="w">2026-04-13</subfield>
    <subfield code="y">BOOK</subfield>
    <subfield code="z">**&#x548C;&#x4FE1;&#x6CBB;&#x764C;&#x4E2D;&#x5FC3;&#x91AB;&#x9662;&#x5275;&#x8FA6;&#x4EBA;&#x9EC3;&#x9054;&#x592B;&#x91AB;&#x5E2B; &#x9078;&#x64C7;&#x8D70;&#x4E00;&#x689D;&#x4EBA;&#x7159;&#x7A00;&#x5C11;&#x7684;&#x8DEF; &#x5E78;&#x5F97;&#x5341;&#x516D;&#x4F4D;&#x4EBA;&#x751F;&#x5C0E;&#x5E2B;&#x7684;&#x8DB3;&#x8DE1;&#x8207;&#x80CC;&#x5F71;&#x76F8;&#x4F34; &#x5178;&#x7BC4;&#x5982;&#x661F;&#x8FB0;&#x7167;&#x4EAE;&#x524D;&#x8DEF; &#x62AC;&#x982D;&#x6C38;&#x9060;&#x80FD;&#x770B;&#x898B;&#x5149;&#x660E;&#x5C31;&#x5728;&#x4E0D;&#x9060;&#x8655;</subfield>
  </datafield>
</record>
